000 00553nam a2200229Ia 4500
003 OSt
005 20221005121305.0
006 a|||||r|||| 00| 0
007 ta
008 221004b |||||||| |||| 00| 0 eng d
024 _a63042
037 _cTextual
040 _aCRL
_cCRL
_beng
041 _2eng
_aeng
082 _aV225CG, G5
100 _aRocco Sha
_9630342
245 0 _aGuide to Golconda Fort and tombs
260 _c1935
650 _aHISTORY
942 _hV225CG, G5
_cTEXL
_2cc
999 _c1040666
_d1040666